000 00782cam a2200229 4500
001 X113593
008 000000n2001 000 0 eng u
035 _a(Sirsi) u113593
100 _aMills, S.
245 _aTop captains of the bottom line
260 _c2001
490 _aEstates Gazette
_v(0126) 30 June 2001, 63-67(5)
520 _aFeature on the Estates Gazette Property Investment Awards 2001. Profiles the fund managers of the winning funds.
650 _aESTATES GAZETTE PROPERTY INVESTMENT AWARDS 2001
650 _aFUND MANAGERS
650 _aPROPERTY FUND MANAGERS
650 _aPROPERTY FUNDS
650 _aPROPERTY INVESTMENT
690 _aPROPERTY-COMMERCIAL PROPERTY-COMMERCIAL PROPERTY FINANCE AND INVESTMENT
700 _aCatalano, A.
942 _n0
999 _c67683
_d67683